Sporcle Sobriety Test Quiz Stats

 Plays Quiz Updated Aug 17, 2018

Also try: Alphabet Minefield
Challenge
Share
Tweet
Embed
Score 0/26 Timer 01:00
3 Plays Today
Position Letter % Correct
????
100%
????
93.9%
????
89.7%
????
84.3%
????
78.4%
????
77.2%
????
76.2%
????
74.5%
????
73.1%
????
70.1%
????
68.1%
????
65.9%
????
63.1%
Position Letter % Correct
????
62.8%
????
62.2%
????
60.8%
????
59.2%
????
56.9%
????
55.9%
????
54.8%
????
53.4%
????
52.2%
????
51.7%
????
50.3%
????
49.4%
????
49.2%

You're not logged in!

Compare scores with friends on all Sporcle quizzes.
Join for Free
OR
Log In

You Might Also Like...

Show Comments

Extras

Top Quizzes Today


Score Distribution

Your Account Isn't Verified!

In order to create a playlist on Sporcle, you need to verify the email address you used during registration. Go to your Sporcle Settings to finish the process.

Report this User

Report this user for behavior that violates our Community Guidelines.

Details: